Città del Mondiale Stati Uniti 1994 - Statistics

Statistiche generali
  • Questo quiz è stato fatto 15 volte
  • Il punteggio medio è 4 su 9
Statistiche sulle risposte
con Immagini Risposta % Corretto
Pasadena
100%
Chicago
93%
Washington
86%
Dallas
71%
Orlando
36%
East Rutherford
14%
Foxborough
14%
Pontiac
14%
Stanford
14%
Nessun quiz corrispondente trovato
Distribuzione punteggi
Percentuale di utenti per punteggio
Percentile per numero di risposta
I tuoi punteggi nel tempo
Non hai fatto questo quiz